The regions of France : (Record no. 233)
[ view plain ]
| 000 -LEADER | |
|---|---|
| fixed length control field | 01348cam a2200337 a 4500 |
| 005 - DATE AND TIME OF LATEST TRANSACTION | |
| control field | 20260322212011.0 |
| 008 - FIXED-LENGTH DATA ELEMENTS--GENERAL INFORMATION | |
| fixed length control field | data |
| 010 ## - LIBRARY OF CONGRESS CONTROL NUMBER | |
| LC control number | 96005806 |
| 020 ## - INTERNATIONAL STANDARD BOOK NUMBER | |
| International Standard Book Number | 031329223X (alk. paper) |
| 020 ## - INTERNATIONAL STANDARD BOOK NUMBER | |
| International Standard Book Number | 9780313292231 (alk. paper) |
| 040 ## - CATALOGING SOURCE | |
| Original cataloging agency | DLC |
| Transcribing agency | DLC |
| Modifying agency | DLC |
| 043 ## - GEOGRAPHIC AREA CODE | |
| Geographic area code | e-fr--- |
| 050 00 - LIBRARY OF CONGRESS CALL NUMBER | |
| Classification number | DC33.7 |
| Item number | .N63 1996 |
| 082 00 - DEWEY DECIMAL CLASSIFICATION NUMBER | |
| Classification number | 944.083 |
| Edition information | 20 |
| 092 ## - LOCALLY ASSIGNED DEWEY CALL NUMBER (OCLC) | |
| Classification number | 994.083 N63 1996 |
| 001 - CONTROL NUMBER | |
| control field | data |
| 100 1# - MAIN ENTRY--PERSONAL NAME | |
| Personal name | Northcutt, Wayne. |
| 245 14 - TITLE STATEMENT | |
| Title | The regions of France : |
| Remainder of title | a reference guide to history and culture / |
| Statement of responsibility, etc. | Wayne Northcutt. |
| 260 ## - PUBLICATION, DISTRIBUTION, ETC. | |
| Place of publication, distribution, etc. | Westport, Conn. : |
| Name of publisher, distributor, etc. | Greenwood Press, |
| Date of publication, distribution, etc. | 1996. |
| 300 ## - PHYSICAL DESCRIPTION | |
| Extent | x, 310 p., [16] p. of plates : |
| Other physical details | ill., maps ; |
| Dimensions | 24 cm. |
| 504 ## - BIBLIOGRAPHY, ETC. NOTE | |
| Bibliography, etc. note | Includes bibliographical references (p. [271]-276) and index. |
| 650 #0 - SUBJECT ADDED ENTRY--TOPICAL TERM | |
| Topical term or geographic name entry element | Popular culture |
| Geographic subdivision | France |
| General subdivision | Regions. |
| 650 #0 - SUBJECT ADDED ENTRY--TOPICAL TERM | |
| Topical term or geographic name entry element | Decentralization in government |
| Geographic subdivision | France |
| General subdivision | History |
| Chronological subdivision | 20th century. |
| 651 #0 - SUBJECT ADDED ENTRY--GEOGRAPHIC NAME | |
| Geographic name | France |
| General subdivision | Civilization |
| Chronological subdivision | 1945- |
| 906 ## - LOCAL DATA ELEMENT F, LDF (RLIN) | |
| a | 7 |
| b | cbc |
| c | orignew |
| d | 1 |
| e | ocip |
| f | 19 |
| g | y-gencatlg |
| 920 ## - | |
| -- | **LC HAS REQ'D # OF SHELF COPIES** |
| 991 ## - | |
| -- | c-GenColl |
| -- | DC33.7 |
| -- | .N63 1996 |
| -- | Copy 1 |
| -- | BOOKS |
| 991 ## - | |
| -- | r-MRR |
| -- | DC33.7 |
| -- | .N63 1996 |
| -- | Copy 1 |
| -- | Alc |
| -- | GenBib bi 97-015801 |
| 991 ## - | |
| -- | r-EurRR |
| -- | DC33.7 |
| -- | .N63 1996 |
| -- | copy 2 |
| -- | France |
| -- | GenBib bi 98-006780 |
| Withdrawn status | Lost status | Damaged status | Not for loan | Home library | Current library | Shelving location | Date acquired | Total checkouts | Full call number | Barcode | Date last seen | Price effective from | Koha item type |
|---|---|---|---|---|---|---|---|---|---|---|---|---|---|
| Franklin | Franklin | General stacks | 22/03/2026 | 944.083 20 | BC0010241 | 22/03/2026 | 22/03/2026 | Books |